000 00639nam a2200229Ia 4500
003 OSt
005 20221005050124.0
006 a|||||r|||| 00| 0
007 ta
008 221004b |||||||| |||| 00| 0 ben d
024 _a16189
037 _bGift, 10/02/2015,
_cTextual
040 _aCRL
_cCRL
_bben
041 _2ben
_aben
082 _aO157,3M61,YO, P0
100 _aThakur Rabindranath
245 0 _aYogayog
260 _aKolkata
_bVishwabharti India
_c2000
650 _aBENGALI LITERATURE
942 _hO157,3M61,YO, P0
_cTEXL
_2cc
999 _c956353
_d956353